Quick Pick: 'Harry Potter' Chapters Quiz Stats

 Plays Quiz Updated Aug 26, 2016

Challenge
Share
Tweet
Embed
Score 0/20 Timer 01:30
12 Plays Today
% Correct
Boy
87.8%
World
85.3%
Brothers
84.2%
Polyjuice
83.7%
Grimmauld
83.2%
Unbreakable
82.2%
Blotts
80.3%
Bus
78.7%
Boggart
78.2%
Battle
78.2%
% Correct
Inquisitor
77.9%
Trapdoor
77.4%
Magic
75.8%
Wands
74.3%
Potions
73.1%
Deathday
73.1%
Servant
71.9%
Veil
70.5%
Phlegm
68%
Other
63.8%

Today's Daily Dose

You're not logged in!

Compare scores with friends on all Sporcle quizzes.
Join for Free
OR
Log In

You Might Also Like...

Show Comments

Extras

Top Quizzes Today


Score Distribution

Your Account Isn't Verified!

In order to create a playlist on Sporcle, you need to verify the email address you used during registration. Go to your Sporcle Settings to finish the process.

Report this User

Report this user for behavior that violates our Community Guidelines.

Details: